000 00284nam a22001337a 4500
008 170915b xxu||||| |||| 00| 0 eng d
020 _a021692029957
041 _aeng
080 _a7
100 _a44
101 _aART
245 _aMASTER MAGINATION
_cBENTON.M
942 _2udc
_cBK
999 _c27850
_d27850